000 00694nam a2200253 4500
001 32038
010 _a9789720728432
021 _aPT
_b 383255/14
090 _a32038
100 _a20180606 frey50
101 _apor
102 _aPT
200 _aO planeta azul
_fLuísa Ducla Soares
_gil. Aurélie de Sousa
205 _a1ª ed.
210 _aPorto
_cPorto Editora
_d2015
215 _a63 p.
_cil.
_d20 cm
225 _aEducação literária
300 _aLer + Plano Nacional de Leitura.
606 _9506
_aPoesia infantil
675 _a82-93
_92040
700 _92431
_aSoares
_bLuísa Ducla
_f1939-
_4070
701 _4440
_93587
_aSousa
_bAurélie de
801 _aPT
_gRPC
990 _cLIVROS